00823nam a2200241Ia 4500003000900000008004100009040001300050040001300063041000900076100002900085100001000114245009800124250001300222260001300235260000900248300001200257490000600269600006100275700002300336942000700359999001700366952019800383IT-RoPAU120407s9999 xx 000 0 und d aIT-RoPAU cIT-RoPAU alat  aRudolfo Gualtero de Moos ccoll. aPetitiones de Assumptione corporea B.V. Mariae in caelum definienda ad Sanctam Sedem deletae. aVaticano aVaticana c1942 c27,5 cm v1 a"1° v. XLIV, 1061 p. 2° v. XVI, 1110 p." aGuilhelmo Hentrich cBK c17648d17648 00102ddc406243_65000000000000071aPAULUSbPAULUSd2012-04-11l0o243.65r2012-04-11 00:00:00w2012-04-11yBKzInserito da: Jole In data: 12 settembre 2011 fondo: Via A.Severo 56 Progr:29026